000
00272nam a22001217a 4500
008
170403b xxu||||| |||| 00| 0 eng d
041
_a
eng
080
_a
574
100
_a
9
101
_a
SHM
245
_a
HOUSEPLANTS ARE FOR PLEASURE
_c
WILSON, H.V.P
942
_2
udc
_c
BK
999
_c
9571
_d
9571